Statistics for Shortest Country+Capital City combinations

Click here to take the quiz!

General Stats

  • This quiz has been taken 135 times
  • The average score is 25 of 34

Answer Stats

CAPITAL CITY% Correct
Lima
88%
Peru
88%
Fiji
87%
Japan
86%
Togo
86%
Tokyo
85%
Italy
79%
Mali
79%
Norway
79%
Egypt
78%
Oslo
78%
Cairo
77%
Oman
77%
Cuba
75%
Iran
75%
Rome
75%
Samoa
75%
Havana
73%
Lomé
71%
Qatar
71%
Suva
71%
Tehran
71%
Yemen
71%
Latvia
70%
Ghana
69%
Riga
69%
Doha
65%
Muscat
65%
Nauru
65%
Sana'a
64%
Apia
63%
Accra
61%
Bamako
59%
Yaren
46%

Score Distribution

Percentile by Number Answered

Percent of People with Each Score

Your Score History

You have not taken this quiz